| 000 | 00811nam a2200217 a 4500 | ||
|---|---|---|---|
| 005 | 20210223120858.0 | ||
| 008 | 991125s1926 mx 000 0 spa u | ||
| 035 | _aUPN01000008567 | ||
| 049 | _aCE | ||
| 050 | 4 |
_aKGC4008 C5 _bC63 1926 |
|
| 245 | 0 | 0 |
_aCódigo de procedimientos civiles vigente en el Distrito Federal y Territorios / _cCésar Pellicer |
| 260 |
_aMéxico : _bHerrero, _c1926 |
||
| 300 | _a352 p. | ||
| 500 | _a"Copia íntegra de la edición oficial anotada y concordada en la novísima legislación, y la nueva Organización de Tribunales" | ||
| 500 | _aDisponible en la Colección Medina | ||
| 650 | 4 |
_aPROCEDIMIENTOS CIVILES- _zMEXICO _911740 |
|
| 700 | 2 |
_aPellicer, César, _ecomp. |
|
| 710 | 2 |
_aMéxico (D. _b. _b[Código de Procedimientos Civiles] |
|
| 904 |
_aAC _b008567 |
||
| 905 | _aLibro | ||
| 999 |
_c8567 _d8567 |
||